Normal view
MARC view
Entry Topical Term
001 - CONTROL NUMBER
- control field: 2375
003 - CONTROL NUMBER IDENTIFIER
- control field: BD-SpBAUS
005 - DATE AND TIME OF LATEST TRANSACTION
- control field: 20251120120309.0
008 - FIXED-LENGTH DATA ELEMENTS
- fixed length control field: 251120|| aca||aabn | a|a d
040 ## - CATALOGING SOURCE
- Original cataloging agency: BD-SpBAUS
- Transcribing agency: BD-SpBAUS
150 ## - HEADING--TOPICAL TERM
- Topical term or geographic name entry element: Robotics
670 ## - SOURCE DATA FOUND
- Source citation: Work cat.: (BD-SpBAUS)966: Craig, John J. 2374, Introduction to Robotics : , c2022 [8th Impression 2025].
